Countries with the Longest Motorway Systems - Statistics

General Stats
  • This quiz has been taken 239 times
  • The average score is 17 of 20
Answer Stats
Length Answer % Correct
17,000 km Canada
98%
131,000 km China
98%
11,882 km France
98%
77,017 km USA
98%
11,000 km Brazil
97%
12,917 km Germany
97%
16,583 km Spain
97%
3,764 km United Kingdom
96%
3,132 km Australia
95%
15,283 km Mexico
95%
6,758 km Italy
94%
8,050 km Japan
90%
3,301 km Poland
86%
4,044 km South Korea
76%
2,808 km Netherlands
70%
2,992 km Portugal
66%
2,387 km Chile
63%
3,891 km Saudi Arabia
60%
2,520 km Greece
58%
2,758 km Peru
43%
No matching quizzes found
Score Distribution
Percent of People with Each Score
Percentile by Number Answered
Your Score History
You have not taken this quiz